Todo sobre el bolero / (Registro nro. 14855)

Detalles MARC
000 -LIDER
fixed length control field 00896nam a2200253 a 4500
001 - NÚMERO DE CONTROL
Identificador de número de control 000045875
003 - IDENTIFICACDOR DE NÚMERO DE CONTROL
control field DO-SdBPM
005 - DATE AND TIME OF LATEST TRANSACTION
control field 20241111092058.0
008 - ELEMENTOS DE LONGITUD FIJA
fixed length control field 150526s2015 dr ac 000 0 spa d
020 ## - ISBN
Canceled/invalid ISBN 978994516613
040 ## - FUENTE DE CATALOGACIÓN
Agencia que crea de manera original el registro DO-SdBPM
Idioma de catalogación spa
Agencia que realiza la transcripción BPMSU
082 ## - NÚMERO DE CLASIFICACIÓN DECIMAL DE DEWEY
Classification number 784.4
Item number R175t 2015
Edition number 22
100 1# - ASIENTO PRINCIPAL -- NOMBRE PERSONAL
Nombre personal Valentín Ramos M., Manuel,
Fechas asociadas con el nombre 1942-
245 10 - MENCIÓN DE TITULO
Título Todo sobre el bolero /
Mención de responsabilidad Manuel Valentín Ramos M. ; presentación Andrés Bustamante Hungría.
260 ## - PUBLICACIÓN, DISTRIBUCIÓN, ETC. (PIE DE IMPRENTA)
Lugar de publicación, distribución, etc Santo Domingo :
Nombre del editor, distribuidor, etc. Búho,
Fecha de publicación, distribución, etc 2015.
300 ## - DESCRIPCIÓN FÍSICA
Extensión 351 p. :
Otros detalles físicos il., retrs. ;
Dimensiones 28 cm.
500 ## - NOTA GENERAL
Nota general Incluye datos biográficos del autor en las solapas.
504 ## - NOTA DE BIBLIOGRAFÍA, ETC.
Bibliography, etc Bibliografía : p. 351
650 #4 - ENCABEZAMIENTO DE MATERIA--TEMÁTICO
Término temático o nombre geográfico como elemento de entrada Boleros (Música)
Subdivisión temática general Historia y crítica.
650 #4 - ENCABEZAMIENTO DE MATERIA--TEMÁTICO
Término temático o nombre geográfico como elemento de entrada Boleros (Música)
Subdivisión temática general Aspectos sociales
700 1# - ASIENTO SECUNDARIO -- NOMBRE PERSONAL
Nombre personal Bustamante Hungría, Andrés,
Mención de responsabilidad presentación
910 ## - VALIDACIÓN
Validación VMateo V. Control de calidad. BPMSU
942 ## - ADDED ENTRY ELEMENTS (KOHA)
Source of classification or shelving scheme Dewey Decimal Classification
Koha item type Libros
Existencias
Withdrawn status Lost status Source of classification or shelving scheme Damaged status Not for loan Collection code Home library Current library Date acquired Total Checkouts Full call number Barcode Date last seen Price effective from Koha item type
    Dewey Decimal Classification     Colección Dominicana Biblioteca Pública Metropolitana Salomé Ureña Biblioteca Pública Metropolitana Salomé Ureña 11/11/2024   BPMSU CD 784.4 R175t 2015 BPMSU4110019 11/11/2024 11/11/2024 Libros